[Event "Belgrade-chT Quality"]
[Site "Belgrade"]
[Date "2008.11.06"]
[Round "6"]
[White "Nestorovic, Lazar"]
[Black "Mihailovic, Miodrag"]
[Result "1-0"]
[WhiteElo "2245"]
[BlackElo "2106"]
[PlyCount "91"]
[EventDate "2008.11.01"]
[EventType "team-swiss"]
[EventRounds "11"]
[EventCountry "YUG"]
[SourceTitle "CBM 127 Extra"]
[Source "ChessBase"]
[SourceDate "2009.01.08"]
[SourceVersion "2"]
[SourceVersionDate "2009.01.28"]
[SourceQuality "1"]

1. e4 e5 2. Nf3 Nc6 3. Bb5 g6 4. c3 d6 5. 0-0 Bg7 6. d3 Nge7 7. Nbd2 0-0 8. Re1 Bd7 9. Ba4 Na5 10. Bc2 c5 11. Nf1 f5 12. h3 Kh8 13. Bg5 h6 14. Bxe7 Qxe7 15. d4 f4 16. dxc5 dxc5 17. Qe2 Be6 18. b3 g5 19. N3h2 f3 20. Nxf3 g4 21. hxg4 Bxg4 22. N1h2 Bh5 23. Rad1 Rf4 24. Rd3 Rg8 25. g3 Bf6 26. Kh1 Qg7 27. Qf1 Bxf3+ 28. Nxf3 c4 29. bxc4 Rg4 30. Nh2 Rg5 31. c5 Qc7 32. Qh3 R5g6 33. Rd5 R8g7 34. Red1 Be7 35. Nf3 Nc6 36. Nh4 Bxh4 37. Qxh4 Qf7 38. Qh2 Kh7 39. Qg2 Rf6 40. R1d2 Ne7 41. Rxe5 Kh8 42. Rd8+ Ng8 43. Bb3 Qg6 44. Ree8 Qh5+ 45. Kg1 Rfg6 46. e5 1-0

[Event "Belgrade-chT Quality"]
[Site "Belgrade"]
[Date "2008.11.04"]
[Round "4"]
[White "Cerovic, Danilo"]
[Black "Mihailovic, Miodrag"]
[Result "1-0"]
[WhiteElo "2157"]
[BlackElo "2106"]
[PlyCount "73"]
[EventDate "2008.11.01"]
[EventType "team-swiss"]
[EventRounds "11"]
[EventCountry "YUG"]
[SourceTitle "CBM 127 Extra"]
[Source "ChessBase"]
[SourceDate "2009.01.08"]
[SourceVersion "2"]
[SourceVersionDate "2009.01.28"]
[SourceQuality "1"]

1. e4 e5 2. Nf3 Nc6 3. Bb5 a6 4. Ba4 Nf6 5. Qe2 Be7 6. 0-0 b5 7. Bb3 d6 8. c3 0-0 9. d3 Na5 10. Bc2 c5 11. Re1 Qc7 12. Nbd2 Re8 13. Nf1 Nc6 14. Ng3 Bd7 15. h3 h6 16. Nh4 Kh7 17. Rf1 Ng8 18. Nhf5 Bxf5 19. Nxf5 g6 20. Ne3 Qd7 21. Nd5 Bd8 22. f4 Nf6 23. Bb3 Rf8 24. fxe5 Nxd5 25. e6 Qxe6 26. Bxd5 Qd7 27. Be3 Rc8 28. Qd2 g5 29. h4 Qe7 30. hxg5 hxg5 31. Rf5 f6 32. Raf1 Bb6 33. Bxg5 fxg5 34. Rf7+ Kg6 35. Rxe7 Nxe7 36. d4 Rxf1+ 37. Kxf1 1-0